-
RANJAN, PIYUSH. PANDEY, SUMIT KUMAR . DUTTA, KAILASH PATI AND ALAM, DR. IRFAN
Entry Personal Name
Number of records used in: 1
001 - CONTROL NUMBER
003 - CONTROL NUMBER IDENTIFIER
005 - DATE AND TIME OF LATEST TRANSACTION
- control field:
20250828124058.0
008 - FIXED-LENGTH DATA ELEMENTS
- fixed length control field:
250828|| aca||aabn | a|a d
040 ## - CATALOGING SOURCE
- Original cataloging agency:
JRU
- Transcribing agency:
JRU
100 ## - HEADING--PERSONAL NAME
- Personal name:
RANJAN, PIYUSH. PANDEY, SUMIT KUMAR . DUTTA, KAILASH PATI AND ALAM, DR. IRFAN
670 ## - SOURCE DATA FOUND
- Source citation:
Work cat.: (JRU)8781: RANJAN, PIYUSH. PANDEY, SUMIT KUMAR . DUTTA, KAILASH PATI AND ALAM, DR. IRFAN, PROCEEDINGS OF THE INTERNATIONAL CONFERENCE ON RECENT ADVANCES IN ARTIFICIAL INTELLIGENCE FOR SUSTAINABLE DEVELOPMENT [ RAISD 2025] ADVANCES IN INTELLIGENT SYSTEMS RESEARCH [ VOL-196], 2025